| 000 | nam a22 a 4500 | ||
|---|---|---|---|
| 999 |
_c430 _d430 |
||
| 005 | 20170503161818.0 | ||
| 008 | 170503b1982 ENK||||| |||| 00| 0 eng d | ||
| 020 |
_a0023731206 (pbk) _c£8.95 |
||
| 040 | _aAKMAL | ||
| 082 |
_218 _a070.4/3 MAC |
||
| 082 |
_219 _a070.4/3 MAC |
||
| 090 |
_a070.4/3 _bMAC |
||
| 100 |
_aMacDougall, Curtis D _9999 |
||
| 245 |
_a Interpretative reporting / _cCurtis D. MacDougall. |
||
| 250 | _a8th ed. | ||
| 260 |
_aLondon _bMacmillan _cc1982. |
||
| 300 |
_axviii,588p _c24cm |
||
| 500 | _aPrevious ed.: 1977. | ||
| 500 | _aIncludes index. | ||
| 599 | _aDALAM PROSES | ||
| 650 |
_aReporters and reporting. _91000 |
||
| 852 |
_aBritish Library _bDSC |
||
| 852 |
_aBritish Library _bHMNTS |
||
| 942 |
_2ddc _cBOOK |
||